ბათუმის შოთა რუსთაველის სახელმწიფო უნივერსიტეტის ბიბლიოთეკა

АРИСТОФАН / (ბიბ.ჩანაწერი № 61153)

000 -LEADER
fixed length control field 00530nam a22001577a 4500
005 - DATE AND TIME OF LATEST TRANSACTION
control field 20231225151151.0
008 - FIXED-LENGTH DATA ELEMENTS--GENERAL INFORMATION
fixed length control field 231225s1954 ru ||||| |||| 00| 0 rus d
041 ## - LANGUAGE CODE
Language code of text/sound track or separate title rus
080 ## - UNIVERSAL DECIMAL CLASSIFICATION NUMBER
Universal Decimal Classification number 821(38).22 Я-71
100 ## - MAIN ENTRY--PERSONAL NAME
Personal name Ярхо, В. Н.
9 (RLIN) 20624
245 ## - TITLE STATEMENT
Title АРИСТОФАН /
Statement of responsibility, etc. В. Н. Ярхо.
264 ## - PRODUCTION, PUBLICATION, DISTRIBUTION, MANUFACTURE, AND COPYRIGHT NOTICE
Place of production, publication, distribution, manufacture М. :
Name of producer, publisher, distributor, manufacturer Государственное издательство художественной литературы,
Date of production, publication, distribution, manufacture, or copyright notice 1954.
300 ## - PHYSICAL DESCRIPTION
Extent 134 с.;
Other physical details 20 см.
653 ## - INDEX TERM--UNCONTROLLED
keyword არისტოფანე
942 ## - ADDED ENTRY ELEMENTS (KOHA)
Source of classification or shelving scheme
Koha item type წიგნი

არაა ხელმისაწვდომი ეგზემპლარები.